Zásoby v účtovníctve vybraného podniku diplomová práca

Enregistré dans:
Détails bibliographiques
Auteur principal: Mikulová, Ivana
Collectivité auteur: Podnikovohospodárska fakulta EU so sídlom v Košiciach. Katedra účtovníctva a financií
Autres auteurs: Zárembová, Andrea, 1986-
Format: Livre
Langue:slovaque
Publié: Košice 2013
Tags: Ajouter un tag
Pas de tags, Soyez le premier à ajouter un tag!

MARC

LEADER 00000nbm a2200000 4500
001 0170163
005 20161109102325.0
041 0 |a slo 
044 |a SK 
245 1 0 |a Zásoby v účtovníctve vybraného podniku  |b diplomová práca  |c Ivana Mikulová ; školiteľ: Andrea Zárembová 
264 1 |a Košice  |c 2013 
300 |a 85 s. 
100 1 |a Mikulová, Ivana 
700 1 |a Zárembová, Andrea, 1986- 
710 2 |a Podnikovohospodárska fakulta EU so sídlom v Košiciach. Katedra účtovníctva a financií